000 00591nam a2200253Ia 4500
005 20260306154447.0
008 008 260114s9999 xx 000 0 eng d
020 _a9781009428231
037 _aEBOOK
040 _aCRL
040 _beng
040 _cCRL
041 _2eng
041 _aeng
084 _qCRL
100 _aRanganathan
_9229760
245 0 _aOn Helping One's Neighbor
260 _bCambridge University Press
260 _c2024
650 _a Philosophy
856 _uhttps://doi.org/10.1017/9781009428231
942 _cEBOOK
999 _c1707606
_d1707606